| 000 | 01278nam a2200193 a 4500 | ||
|---|---|---|---|
| 008 | 161215e1986 spa||||| ||| 00| 0 spa d | ||
| 020 | _a9501517624 | ||
| 092 |
_c808.5 _l6 _sBAC |
||
| 100 | 1 |
_aBach, Richard _93088 |
|
| 245 |
_aBiplano. _bUn vuelo de la imaginacion / _cRichard Bach |
||
| 250 |
_a1a ed. _bTraducción Andrés Vergara |
||
| 260 |
_aBuenos Aires: _bVergara; _c1986. |
||
| 300 | _a192 p. | ||
| 500 | _aBach, R. (1986). Biplano. Un vuelo a la imaginación. (1a ed.). Buenos Aires : Vergara editor. | ||
| 505 | _aRichard Bach jamás podría escribir un libro sobre vuelos, aunque lo intentara. Si por vuelos se entiende un manual de planos técnicos y ejercicios, de cómo despegar y aterrizar, es obvio ya desde las primeras páginas de este libro, que no es eso lo que el lector obtendrá de la pluma de Bach. si, por el contrario, lo que el lector pretende es airear sus conocimientos, elevarse con Icaro, exponerse plenamente al aire y hacerlo con una inmensa alegría, entonces, sin duda, habrá que ponerse en manos de Richard Bach. Es hombre no "vuela", del mismo modo que su tatarabuelo Johann Sebastian Bach, tampoco "escribia música": la exhalaba. | ||
| 590 | _aDonacion Evelyn Minich. Proyecto 4to libro | ||
| 655 |
_aCuento _93089 |
||
| 942 |
_2ddc _cLIT |
||
| 999 |
_c2276 _d2276 |
||